[Event "Speed Chess Q1 Sw"]
[Site "Chess.com INT"]
[Date "2023.08.21"]
[Round "4"]
[White "Vidit, Santosh Gujrathi"]
[Black "Drozdowski, Kacper"]
[Result "1/2-1/2"]
[WhiteElo "2723"]
[BlackElo "2448"]
[PlyCount "95"]
[EventDate "2023.08.21"]
[EventType "k.o. (blitz)"]
[EventRounds "14"]
[EventCountry "USA"]
[SourceTitle "CBM 215 Extra"]
[Source "ChessBase"]
[SourceDate "2023.09.30"]
[SourceVersion "1"]
[SourceVersionDate "2023.09.30"]
[SourceQuality "1"]

1. c4 e5 2. g3 Nf6 3. Bg2 g6 4. Nc3 Bg7 5. d3 0-0 6. e4 d6 7. Nge2 a6 8. 0-0 c6 9. h3 b5 10. Be3 Nbd7 11. Qd2 Rb8 12. a3 Nc5 13. Rad1 Nb3 14. Qc2 bxc4 15. dxc4 c5 16. f4 Nd4 17. Qd2 Nh5 18. fxe5 dxe5 19. g4 Nf6 20. Bg5 Qd6 21. Nd5 Nxd5 22. exd5 Rb3 23. Nc3 f5 24. Rf2 a5 25. Bh6 Ba6 26. Bxg7 Kxg7 27. Bf1 e4 28. Qe3 fxg4 29. Rxf8 Qxf8 30. hxg4 Rxb2 31. Bg2 Bxc4 32. Nxe4 Re2 33. Qc3 Rc2 34. Qe3 Be2 35. Rxd4 cxd4 36. Qxd4+ Kg8 37. Nf6+ Kf7 38. d6 Bc4 39. d7 Qd8 40. g5 Be6 41. Bd5 Re2 42. Qc4 Re5 43. Bxe6+ Rxe6 44. Qd5 Ke7 45. Qc5+ Kf7 46. Qd5 Ke7 47. Qc5+ Kf7 48. Qd5 1/2-1/2

[Event "Speed Chess Q1 Sw"]
[Site "Chess.com INT"]
[Date "2023.08.21"]
[Round "1"]
[White "Vovk, Orest"]
[Black "Drozdowski, Kacper"]
[Result "0-1"]
[WhiteElo "2315"]
[BlackElo "2448"]
[PlyCount "86"]
[EventDate "2023.08.21"]
[EventType "k.o. (blitz)"]
[EventRounds "14"]
[EventCountry "USA"]
[SourceTitle "CBM 215 Extra"]
[Source "ChessBase"]
[SourceDate "2023.09.30"]
[SourceVersion "1"]
[SourceVersionDate "2023.09.30"]
[SourceQuality "1"]

1. g4 d5 2. h3 c6 3. Bg2 e5 4. d4 e4 5. c4 Be6 6. Nc3 h5 7. Qb3 Qd7 8. g5 Ne7 9. Bf4 Nf5 10. e3 Na6 11. a3 Be7 12. h4 0-0 13. Nge2 Rac8 14. cxd5 cxd5 15. Ng3 Nxg3 16. fxg3 Nc5 17. dxc5 d4 18. Qd1 dxc3 19. Qxd7 Bxd7 20. b4 b6 21. cxb6 axb6 22. Bxe4 Ba4 23. 0-0 Rfd8 24. g6 fxg6 25. Bxg6 c2 26. e4 Rd1 27. Bxh5 Rxa1 28. Rxa1 Rd8 29. Rc1 Rd3 30. Kf2 Rxa3 31. Bd2 Rd3 32. Be1 Bf6 33. Be2 Bd4+ 34. Kf1 Rd1 35. Bxd1 cxd1Q 36. Rxd1 Bxd1 37. Bf2 Bxf2 38. Kxf2 Kf7 39. Ke3 Ke6 40. Kf4 Bc2 41. g4 Bd3 42. h5 Be2 43. e5 b5 0-1

[Event "Julius Baer Play In"]
[Site "Chess.com INT"]
[Date "2023.07.24"]
[Round "2.75"]
[White "Drozdowski, Kacper"]
[Black "Dehtiarov, Roman"]
[Result "1-0"]
[WhiteElo "2448"]
[BlackElo "2308"]
[PlyCount "97"]
[EventDate "2023.07.24"]
[EventType "swiss (rapid)"]
[EventRounds "9"]
[EventCountry "GER"]
[SourceTitle "CBM 215 Extra"]
[Source "ChessBase"]
[SourceDate "2023.09.30"]
[SourceVersion "1"]
[SourceVersionDate "2023.09.30"]
[SourceQuality "1"]

1. e4 e5 2. Nf3 Nc6 3. Bc4 Bc5 4. c3 Nf6 5. d3 d6 6. Bb3 a6 7. Nbd2 Ba7 8. h3 h6 9. Nf1 Be6 10. Ng3 d5 11. Qe2 dxe4 12. dxe4 Qe7 13. 0-0 Na5 14. Bxe6 Qxe6 15. Nf5 Rg8 16. Rd1 Nc4 17. b3 Nd6 18. Nxd6+ cxd6 19. c4 g5 20. Be3 g4 21. Nh4 gxh3 22. Bxa7 Rxa7 23. g3 Ra8 24. Nf5 Rd8 25. Qe3 Ng4 26. Qf3 Rg6 27. Rd2 Qf6 28. Rad1 Qg5 29. Nxd6+ Rdxd6 30. Rxd6 h2+ 31. Kg2 Rxd6 32. Rxd6 Qh5 33. Rd1 Ke7 34. Rh1 Qg5 35. Qe2 h5 36. f3 Ne3+ 37. Kf2 h4 38. g4 Nxg4+ 39. fxg4 Qf4+ 40. Qf3 Qd2+ 41. Kf1 f6 42. Qf2 Qd3+ 43. Kg2 Qxe4+ 44. Kxh2 Qxg4 45. Rg1 Qe4 46. Re1 Qg4 47. Rg1 Qe4 48. Qc5+ Kf7 49. Qd5+ 1-0

[Event "Titled Tuesday intern op 27th Jun Early"]
[Site "Chess.com INT"]
[Date "2023.06.27"]
[Round "6"]
[White "Drozdowski, Kacper"]
[Black "Akkarakaran, John Veny"]
[Result "1-0"]
[WhiteElo "2448"]
[BlackElo "2044"]
[PlyCount "93"]
[EventDate "2023.06.27"]
[EventType "swiss (blitz)"]
[EventRounds "11"]
[EventCountry "USA"]
[SourceTitle "EXT 2024"]
[Source "ChessBase"]
[SourceDate "2023.10.10"]
[SourceVersion "1"]
[SourceVersionDate "2023.10.10"]
[SourceQuality "1"]

1. e4 e6 2. d4 d5 3. Nd2 c5 4. exd5 Qxd5 5. dxc5 Nf6 6. Ngf3 Qxc5 7. Bd3 Nbd7 8. Qe2 Qc7 9. 0-0 Nc5 10. Bc4 Be7 11. c3 0-0 12. Nb3 b6 13. Bg5 Bb7 14. Rad1 h6 15. Bh4 Rad8 16. Bg3 Qc8 17. Nxc5 Qxc5 18. Bd3 Qc6 19. Rfe1 Bc5 20. Bb5 Qc8 21. Bh4 Be7 22. a4 Rxd1 23. Rxd1 Rd8 24. Kf1 Kf8 25. Ne5 Rxd1+ 26. Qxd1 a6 27. Be2 Ne8 28. Nd7+ Kg8 29. Bxe7 f6 30. Ba3 Qc7 31. Kg1 Bc6 32. Nf8 b5 33. axb5 axb5 34. Nxe6 Qe5 35. Nd4 Bb7 36. Bf1 Nc7 37. Qe2 Qd5 38. Nxb5 Ne6 39. Qe3 Ng5 40. h4 Ne6 41. Nd4 Nc7 42. c4 Qd7 43. c5 Nd5 44. Qe6+ Qxe6 45. Nxe6 Kf7 46. Nd8+ Ke8 47. Nxb7 1-0